00487nam a22001577a 450000500170000000800410001702000280005804100130008608200150009910000300011424500730014425000200021726000360023730000310027365000250030420231114140757.0231114b |||||||| |||| 00| 0 eng d a0409057673 ; 0409057681 aEnglish  a344.5 STU  aLane, W et al. lEnglish  aKelseys Stuart's: The Newspaper's Guide to the Law /cW Lane et el.  aFourth Edition  aDurban : bButterworth, c1986  bxxv, 332 pages ; c25 cm.  aLegal practice bLaw